Expert Oracle Exadata

Expert Oracle Exadata, 2nd Edition opens up the internals of Oracle's Exadata platform so that you can fully benefit from the most performant and scalable database hardware appliance capable of running Oracle Database. This edition is fully-updated to cover Exadata 5-2 and Oracle Database 12c....

Full description

Bibliographic Details
Main Authors: Bach, Martin (Author), Arao, Karl (Author), Colvin, Andy (Author), Hoogland, Frits (Author), Osborne, Kerry (Author), Johnson, Randy (Author), Poder, Tanel (Author)
Corporate Author: SpringerLink (Online service)
Format: Electronic eBook
Language:English
Published: Berkeley, CA : Apress : Imprint: Apress, 2015.
Edition:Second Edition.
Subjects:
Online Access:Full Text via HEAL-Link
LEADER 03784nam a22005175i 4500
001 978-1-4302-6242-8
003 DE-He213
005 20151218102523.0
007 cr nn 008mamaa
008 150829s2015 xxu| s |||| 0|eng d
020 |a 9781430262428  |9 978-1-4302-6242-8 
024 7 |a 10.1007/978-1-4302-6242-8  |2 doi 
040 |d GrThAP 
050 4 |a QA76.9.D3 
072 7 |a UN  |2 bicssc 
072 7 |a UMT  |2 bicssc 
072 7 |a COM021000  |2 bisacsh 
082 0 4 |a 005.74  |2 23 
100 1 |a Bach, Martin.  |e author. 
245 1 0 |a Expert Oracle Exadata  |h [electronic resource] /  |c by Martin Bach, Karl Arao, Andy Colvin, Frits Hoogland, Kerry Osborne, Randy Johnson, Tanel Poder. 
250 |a Second Edition. 
264 1 |a Berkeley, CA :  |b Apress :  |b Imprint: Apress,  |c 2015. 
300 |a XXVII, 640 p. 101 illus.  |b online resource. 
336 |a text  |b txt  |2 rdacontent 
337 |a computer  |b c  |2 rdamedia 
338 |a online resource  |b cr  |2 rdacarrier 
347 |a text file  |b PDF  |2 rda 
520 |a Expert Oracle Exadata, 2nd Edition opens up the internals of Oracle's Exadata platform so that you can fully benefit from the most performant and scalable database hardware appliance capable of running Oracle Database. This edition is fully-updated to cover Exadata 5-2 and Oracle Database 12c. If you're new to Exadata, you'll soon learn that it embodies a change in how you think about and manage relational databases. A key part of that change lies in the concept of offloading SQL processing to the storage layer. In addition there is Oracle's engineering effort in creating a powerful platform for both consolidation and transaction processing. The resulting value proposition in the form of Exadata has truly been a game-changer. Expert Oracle Exadata, 2nd Edition provides a look at the internals and how the combination of hardware and software that comprise Exadata actually work. Authors include Martin Bach, Andy Colvin, and Frits Hoogland, with contributions from Karl Arao, and built on the foundation laid by Kerry Osborne, Randy Johnson, and Tanel Poder in the first edition. They share their real-world experience gained through a great many Exadata implementations, possibly more than any other group of experts today. Always their goal is toward helping you advance your career through success with Exadata in your own environment. This book is intended for readers who want to understand what makes the platform tick and for whom—"how" it does what it is does is as important as what it does. By being exposed to the features that are unique to Exadata, you will gain an understanding of the mechanics that will allow you to fully benefit from the advantages that the platform provides. This book changes how you think about managing SQL performance and processing. It provides a roadmap to successful Exadata implementation. And it removes the "black box" mystique. You'll learn how Exadata actually works and be better able to manage your Exadata engineered systems in support of your business. 
650 0 |a Computer science. 
650 0 |a Data structures (Computer science). 
650 0 |a Database management. 
650 1 4 |a Computer Science. 
650 2 4 |a Database Management. 
650 2 4 |a Data Storage Representation. 
700 1 |a Arao, Karl.  |e author. 
700 1 |a Colvin, Andy.  |e author. 
700 1 |a Hoogland, Frits.  |e author. 
700 1 |a Osborne, Kerry.  |e author. 
700 1 |a Johnson, Randy.  |e author. 
700 1 |a Poder, Tanel.  |e author. 
710 2 |a SpringerLink (Online service) 
773 0 |t Springer eBooks 
776 0 8 |i Printed edition:  |z 9781430262411 
856 4 0 |u http://dx.doi.org/10.1007/978-1-4302-6242-8  |z Full Text via HEAL-Link 
912 |a ZDB-2-CWD 
950 |a Professional and Applied Computing (Springer-12059)